000 00520nam a2200181Ia 4500
005 20250326142859.0
008 250326s9999 xx 000 0 und d
037 _aTextbook
040 _aFMSL
_beng
_cFMSL
041 _aeng
_2eng
084 _aXv N8
_qFMSL
100 _aMedema S G
_9746799
245 0 _aHistory of economic thought : LSE lectures
_cMedema S G; Smauels W J
260 _aNew York
_bNew York, Oxford University
_c1998
300 _a359p
942 _cTB
_hXv N8
999 _c1297084
_d1297084